| 000 | 00748cam a2200241 4500 | ||
|---|---|---|---|
| 001 | ABS62493 | ||
| 008 | 000000n2000 000 0 eng u | ||
| 035 | _a(Sirsi) u106462 | ||
| 100 | _aStewart, J. | ||
| 245 | _aBig is beautiful | ||
| 260 | _c2000 | ||
| 490 |
_aHouseBuilder _v59(5) June 2000, 6-7(2) |
||
| 520 | _aAnalyses the reasons behind the change in the housebuilding industry in the late 1990s which saw the largest housebuilders take an increasing share of the market. Statistics. | ||
| 590 | _aABS | ||
| 650 | _aHOUSE BUILDERS | ||
| 650 | _aNEW HOUSES | ||
| 650 | _aNHBC WARRANTY | ||
| 650 | _aPROPERTY TRANSACTIONS | ||
| 650 | _aPLANNING POLICY | ||
| 650 | _aLAND SUPPLY | ||
| 690 | _aHOUSING-DEVELOPMENT | ||
| 942 | _n0 | ||
| 999 |
_c63771 _d63771 |
||